| 000 | 00823nam a22002655i 4500 | ||
|---|---|---|---|
| 001 | in00024369518 | ||
| 005 | 20260413064749.0 | ||
| 008 | 251219s2025 mdu 000 0 eng | ||
| 010 | _a 2025951266 | ||
| 020 | _a9781631955532 | ||
| 040 |
_aDLC _beng _erda _cDLC |
||
| 042 | _apcc | ||
| 100 | 1 |
_aLeclerc, Lucy, _eauthor. |
|
| 245 | 1 | 0 |
_aHuman-centered leadership in healthcare : _bthe revolution continues: it starts with you, but it's not about you / |
| 250 | _aThird. | ||
| 260 |
_aNew York; _bOrgan James Publishing, _c2022 |
||
| 300 |
_axxiii,234 p.; _c24 cm |
||
| 650 | _aHealth services administration. | ||
| 650 | _aLeadership. | ||
| 650 | _aOrganizational behavior. | ||
| 650 | _aPatient-centered care. | ||
| 700 | 1 |
_aKennedy, Kay, _eauthor. |
|
| 700 | 1 |
_aCampis, Susan, _eauthor. |
|
| 942 |
_2lcc _cBK |
||
| 999 |
_c60334 _d60334 |
||